Statistics for Countries That Have Beaten Netherlands At FIFA World Cup

Click here to take the quiz!

General Stats

  • This quiz has been taken 39 times
  • The average score is 12 of 14

Answer Stats

YearScoreCountry% Correct
2014(2) - (4)Argentina
100%
19781 - 3Argentina
100%
2022(3) - (4)Argentina
100%
19942 - 3Brazil
100%
1998(2) - (4)Brazil
100%
20100 - 1Spain
100%
20060 - 1Portugal
97%
19741 - 2Germany
94%
19901 - 2Germany
94%
19940 - 1Belgium
88%
19380 - 3Czechoslovakia
68%
19342 - 3Switzerland
62%
19981 - 2Croatia
56%
19782 - 3Scotland
44%

Score Distribution

Percentile by Number Answered

Percent of People with Each Score

Your Score History

You have not taken this quiz